Welcome to CU Library Online Public Access Catalogue (OPAC)

Grant us courage : (Record no. 9301)

MARC details
000 -LEADER
fixed length control field 01198cam a2200253 a 4500
001 - CONTROL NUMBER
control field 1142967
005 - DATE AND TIME OF LATEST TRANSACTION
control field 20260420155712.0
008 - FIXED-LENGTH DATA ELEMENTS--GENERAL INFORMATION
fixed length control field 950404r19961991nyu b 001 0 eng
020 ## - INTERNATIONAL STANDARD BOOK NUMBER
International Standard Book Number 0195100867
Qualifying information acid-free paper
020 ## - INTERNATIONAL STANDARD BOOK NUMBER
International Standard Book Number 9780195100860
Qualifying information (acid-free paper)
050 00 - LIBRARY OF CONGRESS CALL NUMBER
Classification number BR526
Item number .B29 1996
082 00 - DEWEY DECIMAL CLASSIFICATION NUMBER
Classification number 280/.4/097309049
Edition information 20
100 1# - MAIN ENTRY--PERSONAL NAME
Personal name Balmer, Randall Herbert.
245 10 - TITLE STATEMENT
Title Grant us courage :
Remainder of title travels along the mainline of American Protestantism /
Statement of responsibility, etc. Randall Balmer.
260 ## - PUBLICATION, DISTRIBUTION, ETC.
Place of publication, distribution, etc. New York :
Name of publisher, distributor, etc. Oxford University Press,
Date of publication, distribution, etc. 1996.
300 ## - PHYSICAL DESCRIPTION
Extent xiv, 154 p. ;
Dimensions 22 cm.
500 ## - GENERAL NOTE
General note "The chapters in this book appeared in slightly different versions in The Christian century magazine between 1991 and 1994"--T.p. verso.
650 #0 - SUBJECT ADDED ENTRY--TOPICAL TERM
Topical term or geographic name entry element Liberalism (Religion)
Geographic subdivision United States
General subdivision History
Chronological subdivision 20th century.
650 #0 - SUBJECT ADDED ENTRY--TOPICAL TERM
Topical term or geographic name entry element Liberalism (Religion)
General subdivision Protestant churches)
-- History
Chronological subdivision 20th century.
650 #0 - SUBJECT ADDED ENTRY--TOPICAL TERM
Topical term or geographic name entry element Protestant churches
Geographic subdivision United States
General subdivision History
Chronological subdivision 20th century.
856 42 - ELECTRONIC LOCATION AND ACCESS
Materials specified Publisher description
Uniform Resource Identifier <a href="http://www.loc.gov/catdir/enhancements/fy0605/95016205-d.html">http://www.loc.gov/catdir/enhancements/fy0605/95016205-d.html</a>
856 42 - ELECTRONIC LOCATION AND ACCESS
Materials specified Contributor biographical information
Uniform Resource Identifier <a href="http://www.loc.gov/catdir/enhancements/fy0724/95016205-b.html">http://www.loc.gov/catdir/enhancements/fy0724/95016205-b.html</a>
942 ## - ADDED ENTRY ELEMENTS (KOHA)
Source of classification or shelving scheme Library of Congress Classification
Koha item type Books
Suppress in OPAC No
999 ## -
-- 9301
-- 9301
Holdings
Withdrawn status Lost status Source of classification or shelving scheme Damaged status Not for loan Collection Home library Current library Shelving location Date acquired Total checkouts Full call number Barcode Date last seen Price effective from Koha item type
    Library of Congress Classification     Non-fiction Main Library (Kumasi) Main Library (Kumasi) General stacks 04/20/2026   BR526.B29 BAL bssk00000053 04/20/2026 04/20/2026 Books
© 2023-2024 Copyright: Central University Libraries. All Rights Reserved | Created by: Mahone Tech Office